00000000nam 2200000zi 4500
0019.941836
003CaOODSP
00520250108130917
006m     o  d f      
007cr |n|||||||||
008240814t20242024onc     ob   f000 0 fre d
020 |a9780660731476
040 |aCaOODSP|bfre|erda|cCaOODSP
043 |an-cn---
0861 |aH134-38/2-2024F-PDF
24500|aRèglement sur l'apparence, l'emballage et l'étiquetage des produits du tabac (RAEEPT) : |brésumé des dispositions d'étiquetage.
264 1|a[Ottawa] : |bSanté Canada = Health Canada, |c[2024]
264 4|c©2024
300 |a1 ressource en ligne (3 pages non numérotées)
336 |atexte|btxt|2rdacontent/fre
337 |ainformatique|bc|2rdamedia/fre
338 |aressource en ligne|bcr|2rdacarrier/fre
500 |aPublié aussi en anglais sous le titre : Tobacco products appearance, packaging and labelling regulations (TPAPLR) : summary of labelling provisions.
500 |a« Pub.: 240426. »
504 |aComprend des références bibliographiques.
650 6|aTabac|xDroit|zCanada.
650 6|aTabac|xEmballages|xÉtiquettes|xDroit|zCanada.
650 6|aTabac|xPolitique gouvernementale|zCanada.
7101 |aCanada. |bSanté Canada, |eorganisme de publication.
77508|tTobacco products appearance, packaging and labelling regulations (TPAPLR) : |w(CaOODSP)9.941833
7760#|tRèglement sur l'apparence, l'emballage et l'étiquetage des produits du tabac (RAEEPT) : |w(CaOODSP)9.941837
85640|qPDF|s390 Ko|uhttps://publications.gc.ca/collections/collection_2025/sc-hc/H134-38-2-2024-fra.pdf